Statistiques concernant Focus sur: Bill - Tolkien

Cliquez ici pour prendre le quiz!

Statistiques générales

  • Ce quiz a été pris 8 fois
  • Le résultat moyen est 6 sur 8

Statistiques - réponses

Informations recherchéesRéponses% Correct
Première apparitionLe Seigneur des Anneaux: La Communauté de l'Anneau
100%
EspèceCheval
88%
Age durant lequel elle vécutTroisième
88%
Frodon Sacquet
75%
Groupe de l'espècePoney
75%
ContréeBree
63%
CitéBree
63%
CavaliersBill Fougeron
50%

Distribution des résultats

Percentile par nombre de réponses

% des personnes avec chaque résultat

Votre développement - résultats

Vous n’avez pas pris ce quiz